000 01064nam0a22002651 4500
001 rc\605851
005 20260406110436.0
035 _a(NLR Aleph) 005849959
090 _a5768269
_c5768269
100 _a20031121d1986 |||y0rusy50 ca
101 0 _arus
102 _aRU
105 _aa |||||||||
200 1 _aКПГ в борьбе против фашистской диктатуры, 1933-1945
_fПер. с нем. С.П. Гавриша и Ю.Т. Харитонова
_gПод ред. и с предисл. А.А. Галкина
210 _aМ.
_cПрогресс
_d1986
215 _a260 с., 8 л. ил.
_cил.
_d21
300 _aПеревод изд.: Die KPD im Kampf gegen die faschistische Diktatur 1933 bis 1945 / Heinz Kühnrich
320 _aБиблиогр. в примеч.: с. 250-259
700 1 _aКюнрих
_bХ.
712 0 2 _aКоммунистическая партия Германии
_3RU\NLR\AUTH\885612
_9282923
801 0 _aRU
_bNLR
_gpsbo
801 1 _aRU
_bELAR
_2rusmarc
852 _aNLR
_j85-3/14380
942 _cBOOK
980 _aNB